| 000 | 01337nam a22002417a 4500 | ||
|---|---|---|---|
| 999 |
_c6569 _d6569 |
||
| 003 | OSt | ||
| 005 | 20200220141916.0 | ||
| 008 | 200220s2018 ck ac||gr|||| 00| sdspa d | ||
| 040 |
_aCO-JMCR _cCO-JMCR |
||
| 041 | _aspa | ||
| 082 | 0 | 4 |
_a102 _bZ947s |
| 100 | 1 |
_aZuleta, Estanislao, _eautor _9807 |
|
| 245 |
_aShakespeare : _buna indagación sobre el poder _cEstanislao Zuleta ; editor, Antonio García Ángel |
||
| 250 | _aPrimera edición | ||
| 260 |
_aBogotá : _bIdartes, _c2018 |
||
| 300 |
_a210 páginas : _bilustraciones, retratos a blanco y negro ; _c16 cm. |
||
| 490 |
_aLibro al viento. Clasicos de siempre de la literatura ; _v137 |
||
| 505 |
_tEstanislao Zuleta, la palabra dicha / _rAntonio García Ángel _tShakespeare: una indagación sobre el poder _tRicardo III: la pulsión de muerte y el poder -- Macbeth: el éxito del poder como fracaso -- Otelo: el drama de los celos y el poder -- La tempestad: la reconciliación por medio del arte -- |
||
| 520 | _aEn este libro el lector podrá vivir una experiencia muy cercana a lo que era una lectura comentada, o lo que se conoce como <<Una charla Zuleta>>, que fue lo que realizo como expositor durante gran parte de su vida. | ||
| 650 | 1 | 4 |
_aShakespeare, William, _x Crítica e interpretación _9808 |
| 700 | 1 |
_aGarcía Ángel, Antonio, _eeditor _9809 |
|
| 942 |
_2ddc _cBK |
||